000 00342nam a2200133Ia 4500
008 240624s9999 xx 000 0 und d
041 _aeng
082 _a823 TOL
100 _aTOLSTOY LEO
245 _aFROM THE COSSACKS AND OTHER EARLY STORIE
260 _c2012
_aLondon
_bWordsworth Classics
300 _a357 : p. : cm. ; 22
365 _cRS
999 _c27841
_d27841